Management challenges (Record no. 601)

MARC details
000 -LEADER
fixed length control field 00969 a2200265 4500
008 - FIXED-LENGTH DATA ELEMENTS--GENERAL INFORMATION
fixed length control field 080820t xxu||||| |||| 00| 0 eng d
010 ## - LIBRARY OF CONGRESS CONTROL NUMBER
LC control number ENG-84858
020 ## - INTERNATIONAL STANDARD BOOK NUMBER
International Standard Book Number 8177640007
Terms of availability 750.00
035 ## - SYSTEM CONTROL NUMBER
System control number EN-68391
037 ## - SOURCE OF ACQUISITION
Source of stock number/acquisition D.B.Act / Pub
082 ## - DEWEY DECIMAL CLASSIFICATION NUMBER
Classification number 658.
245 ## - TITLE STATEMENT
Title Management challenges
Statement of responsibility, etc edited by Kampan Mukherjee ... [et al]
Remainder of title the road ahead
250 ## - EDITION STATEMENT
Edition statement 1st ed.
260 ## - PUBLICATION, DISTRIBUTION, ETC. (IMPRINT)
Place of publication, distribution, etc New Delhi
Name of publisher, distributor, etc Allied Publishers
Date of publication, distribution, etc 2006
270 ## - ADDRESS
Address A-104, Mayapuri Phase-II
City New Delhi
State or province Delhi
Postal code 110064
300 ## - PHYSICAL DESCRIPTION
Extent ix, 243 p.
Dimensions 24 cm. (Pbk)
500 ## - GENERAL NOTE
General note Includes bibliographical references and index
650 ## - SUBJECT ADDED ENTRY--TOPICAL TERM
Topical term or geographic name as entry element Management
700 ## - ADDED ENTRY--PERSONAL NAME
Personal name Mukherjee, Kampan
700 ## - ADDED ENTRY--PERSONAL NAME
Personal name Bhar, Chandan
700 ## - ADDED ENTRY--PERSONAL NAME
Personal name Pathak, Pramod
700 ## - ADDED ENTRY--PERSONAL NAME
Personal name Pattanayak, J. K.
942 ## - ADDED ENTRY ELEMENTS (KOHA)
Institution code [OBSOLETE] dpl
Koha item type English Books
Call number prefix 658.4012 / MAN
Source of classification or shelving scheme Dewey Decimal Classification
Classification part 658.4012
Suppress in OPAC / MAN
Holdings
Withdrawn status Lost status Damaged status Not for loan Home library Current library Date acquired Cost, normal purchase price Total Checkouts Full call number Barcode Date last seen Copy number Uniform Resource Identifier Cost, replacement price Price effective from Koha item type
        D.B.Act.Division D.B.Act.Division 20/08/2008 750.00   658.4012 EN-68391 15/09/2008 1 602 750.00 15/09/2008 English Books

© Delhi Public Library
Hit Counter
free hit counter